| 000 | 00355 a2200157 4500 | ||
|---|---|---|---|
| 001 | 15157 | ||
| 020 | _a9788589059336 | ||
| 040 | _cAnchieta - Aquarius | ||
| 100 | _aKnittel, Débora | ||
| 240 | 1 | 0 |
_aMargarida bem-me-quer _lpor |
| 245 | 1 | 0 | _aMargarida bem-me-quer |
| 300 | _a29 | ||
| 362 | 0 | _a2010 | |
| 650 | 4 | _aLiteratura infanto-juvenil | |
| 942 | _cBK | ||
| 999 |
_c15157 _d15157 |
||